000 01773cam a2200385 a 4500
001 16322400
003 OSt
005 20180117085947.0
008 100708s2010 ii b 001 0 eng
010 _a 2010028615
015 _aGBB071388
_2bnb
016 7 _a015573386
_2Uk
020 _a9788132105046 (hbk.)
020 _a8132105044 (hbk.)
035 _a(OCoLC)ocn640085897
040 _aDLC
_cDLC
_dYDX
_dUKM
_dYDXCP
_dDKAGE
_dCDX
_dUKMGB
_dDLC
043 _ad------
_aa------
050 0 0 _aHN18.3
_b.H333 2010
082 0 0 _a320.609172/4
_222
100 1 _aHaan, Arjan de.
245 1 0 _aTowards a new poverty agenda in Asia :
_bsocial policies and economic transformation /
_cArjan De Haan.
260 _aNew Delhi ;
_aThousand Oaks, Calif. :
_bSAGE,
_c2010.
300 _axvi, 260 p. ;
_c22 cm.
504 _aIncludes bibliographical references and index.
505 0 _aWhy social policy matters -- Globalization: all boats rising or growing divides? -- Demise of the state? -- International development and social policy -- Latin America: from corporatism to liberalism -- The short era of the developmental state in Africa -- East Asia: social policy's role in economic success -- South Asian welfarism -- A normative framework for social policy.
650 0 _aSocial policy.
650 0 _aEconomic development.
650 0 _aPoverty.
651 0 _aAsia
_xSocial policy.
651 0 _aDeveloping countries
_xSocial policy.
906 _a7
_bcbc
_corignew
_d1
_eecip
_f20
_gy-gencatlg
942 _2ddc
_cBK
999 _c2677
_d2677